00820nam a2200253 a 4500001001300000003000900013005001700022008004100039020002300080082002100103100002100124245004400145260004800189300001000237500003500247505006000282650002300342650002500365650002400390902000800414942000700422952012200429999001500551nice12345678IN_TiNIC20260116013046.0050524s1993 bloa grp 000 0 eng  a0253531 c60000a305.6297053bBOW aBowen, Donna Lee aEveryday Life in the Muslim Middle East aBloomingtonbIndiana University Pressc1993 a327p. aincludes index and biblioraphy2 aindiana series in aran and islamic studies/index, notes aMuslims-Arab World aMuslims-Central Asia aMuslims-Middle East bSRS cBK 001040708StackRoom-aHMIbHMId2007-03-27g600.00l0o305.6297053 BOWp016625r2007-03-27v600.00w2005-05-24yBK c9472d9472